<?xml version="1.0" encoding="UTF-8"?>
<record
    xmlns:xsi="http://www.w3.org/2001/XMLSchema-instance"
    xsi:schemaLocation="http://www.loc.gov/MARC21/slim http://www.loc.gov/standards/marcxml/schema/MARC21slim.xsd"
    xmlns="http://www.loc.gov/MARC21/slim">

  <leader>04461nam a2200277Ia 4500</leader>
  <controlfield tag="001">113269</controlfield>
  <controlfield tag="003">DR-UNIBE</controlfield>
  <controlfield tag="005">20250212092914.0</controlfield>
  <controlfield tag="008">250211b2024    dr ||||| |||| 00| 0 spa d</controlfield>
  <datafield tag="020" ind1=" " ind2=" ">
    <subfield code="a">9789945189902 (volumen 1)</subfield>
  </datafield>
  <datafield tag="040" ind1=" " ind2=" ">
    <subfield code="a">BIBLIOTECA UNIBE</subfield>
    <subfield code="c">BIBLIOTECA UNIBE</subfield>
  </datafield>
  <datafield tag="041" ind1=" " ind2=" ">
    <subfield code="a">spa</subfield>
  </datafield>
  <datafield tag="082" ind1="0" ind2=" ">
    <subfield code="a">RD 342.7293 J82de 2024</subfield>
  </datafield>
  <datafield tag="100" ind1="1" ind2=" ">
    <subfield code="a">Jorge Prats, Eduardo,</subfield>
    <subfield code="9">8540</subfield>
    <subfield code="d">1964-</subfield>
    <subfield code="e">autor</subfield>
  </datafield>
  <datafield tag="245" ind1="1" ind2="0">
    <subfield code="a">Derecho constitucional. Volumen 1 / </subfield>
    <subfield code="c">Eduardo Jorge Prats</subfield>
  </datafield>
  <datafield tag="250" ind1=" " ind2=" ">
    <subfield code="a">Quinta edici&#xF3;n</subfield>
  </datafield>
  <datafield tag="260" ind1=" " ind2=" ">
    <subfield code="a">Santo Domingo : </subfield>
    <subfield code="b">Librer&#xED;a Jur&#xED;dica Internacional, S.R.L.,</subfield>
    <subfield code="c">2024</subfield>
  </datafield>
  <datafield tag="300" ind1=" " ind2=" ">
    <subfield code="a">vol&#xFA;menes</subfield>
  </datafield>
  <datafield tag="504" ind1=" " ind2=" ">
    <subfield code="a">Incluye referencias bibliogr&#xE1;ficas (p&#xE1;ginas: 915-924) e &#xED;ndice</subfield>
  </datafield>
  <datafield tag="505" ind1="0" ind2=" ">
    <subfield code="a">Pr&#xF3;logo |
Abreviaturas utilizadas |
CAP&#xCD;TULO UNO. CONSTITUCIONALISMO, CONSTITUCI&#xD3;N Y DERECHO CONSTITUCIONAL |
1.	El constitucionalismo |
2.	La Constituci&#xF3;n |
3.	El derecho constitucional |
4.	Constitucionalismo, constituci&#xF3;n y derecho constitucional en la Rep&#xFA;blica Dominicana |
CAP&#xCD;TULO DOS. PODER CONSTITUYENTE Y REFORMA CONSTITUCIONAL |
1.	El poder constituyente |
2.	La reforma constitucional |
CAP&#xCD;TULO TRES. LA CONSTITUCI&#xD3;N COMO NORMA |
1.	Los usos del t&#xE9;rmino &#x201C;constituci&#xF3;n&#x201D; |
2.	La Constituci&#xF3;n como norma |
3.	La estructura normativa de la Constituci&#xF3;n |
4.	El car&#xE1;cter vinculante de las normas constitucionales |
5.	La textura abierta de la constituci&#xF3;n |
6.	El corpus constitucional |
CAP&#xCD;TULO CUATRO. LAS FUENTES DEL DERECHO |
1.	Las fuentes del derecho |
2.	Validez, eficacia y vigencia de las normas |
3.	El ordenamiento jur&#xED;dico |
4.	Las fuentes internacionales y supranacionales |
5.	La ley |
6.	El reglamento |
7.	La jurisprudencia y el precedente jurisdiccional |
8.	La costumbre |
CAP&#xCD;TULO CINCO. LA INTERPRETACI&#xD3;N CONSTITUCIONAL |
1.	La tradicional ausencia de la interpretaci&#xF3;n en el derecho constitucional |
2.	La discusi&#xF3;n en torno a la interpretaci&#xF3;n constitucional |
3.	Conceptos b&#xE1;sicos de la interpretaci&#xF3;n, aplicaci&#xF3;n y concretizaci&#xF3;n constitucional |
4.	Dimensiones de la interpretaci&#xF3;n constitucional |
5.	Los m&#xE9;todos de interpretaci&#xF3;n |
6.	El cat&#xE1;logo de principios de interpretaci&#xF3;n constitucional |
7.	Interpretaci&#xF3;n constitucional y teor&#xED;a de la argumentaci&#xF3;n |
8.	L&#xED;mites de la interpretaci&#xF3;n constitucional |
9.	La ponderaci&#xF3;n de bienes |
10.	Los sujetos de la interpretaci&#xF3;n constitucional |
11.	Las patolog&#xED;as de la interpretaci&#xF3;n constitucional: la degeneraci&#xF3;n del derecho por la v&#xED;a de la inconstitucional alquimia interpretativa o, en verdad, maltrato constitucional |
CAP&#xCD;TULO SEIS. LA JUSTICIA CONSTITUCIONAL |
1.	La justicia constitucional como forma de control del poder |
2.	Los principios rectores de la justicia constitucional |
3.	La justicia constitucional ejercida por el poder judicial |
4.	La justicia constitucional ejercida por el Tribunal Constitucional |
5.	Las sentencias constitucionales |
6.	El control difuso de constitucionalidad y convencionalidad ejercido por los &#xF3;rganos estatales no jurisdiccionales |
CAP&#xCD;TULO SIETE. LA DIGNIDAD HUMANA COMO FUNDAMENTO DEL ESTADO Y DE LA CONSTITUCI&#xD3;N |
1.	La dignidad humana en la Constituci&#xF3;n |
2.	El respeto y la protecci&#xF3;n de la dignidad humana |
CAP&#xCD;TULO OCHO. LOS PRINCIPIOS FUNDAMENTALES DEL ESTADO |
1.	El encuadramiento constitucional del Estado |
2.	Los elementos constitutivos del Estado |
3.	Los principios fundamentales del Estado |

</subfield>
  </datafield>
  <datafield tag="520" ind1="3" ind2=" ">
    <subfield code="a">Esta obra del profesor Eduardo Jorge Prats, en dos vol&#xFA;menes, sobre Derecho Constitucional, permite al lector aproximarse no solo al Derecho Constitucional dominicano sino, en sentido general, a la Teor&#xED;a de la Constituci&#xF3;n y al Derecho Constitucional comparado que le sirve de sustento, pudiendo orientar as&#xED; la labor de jueces y dem&#xE1;s operadores del ordenamiento jur&#xED;dico-constitucional. En su volumen I (quinta edici&#xF3;n, 2024) se estudia el desarrollo hist&#xF3;rico del constitucionalismo, el poder constituyente y el poder de reforma constitucional, la Constituci&#xF3;n como norma, las fuentes del Derecho, la interpretaci&#xF3;n constitucional, la justicia constitucional, la dignidad humana como fundamento de la Constituci&#xF3;n y los principios fundamentales del Estado Social y Democr&#xE1;tico de Derecho.</subfield>
  </datafield>
  <datafield tag="650" ind1=" " ind2="7">
    <subfield code="a">Derecho constitucional</subfield>
    <subfield code="9">5528</subfield>
    <subfield code="2">lemb</subfield>
  </datafield>
  <datafield tag="651" ind1=" " ind2="7">
    <subfield code="a">Rep&#xFA;blica Dominicana</subfield>
    <subfield code="x">Derecho constitucional</subfield>
    <subfield code="9">5535</subfield>
    <subfield code="2">lemb</subfield>
  </datafield>
  <datafield tag="942" ind1=" " ind2=" ">
    <subfield code="c">BK</subfield>
    <subfield code="2">ddc</subfield>
  </datafield>
  <datafield tag="951" ind1=" " ind2=" ">
    <subfield code="a">20101116 07:27:11</subfield>
  </datafield>
  <datafield tag="999" ind1=" " ind2=" ">
    <subfield code="c">113269</subfield>
    <subfield code="d">113269</subfield>
  </datafield>
  <datafield tag="952" ind1=" " ind2=" ">
    <subfield code="0">0</subfield>
    <subfield code="1">0</subfield>
    <subfield code="2">ddc</subfield>
    <subfield code="7">0</subfield>
    <subfield code="8">RES-RD</subfield>
    <subfield code="a">Principal</subfield>
    <subfield code="b">Principal</subfield>
    <subfield code="d">2024-12-01</subfield>
    <subfield code="l">3</subfield>
    <subfield code="m">1</subfield>
    <subfield code="o">RD 342.7293 J82de_2024</subfield>
    <subfield code="p">250080</subfield>
    <subfield code="r">2026-03-18 12:28:34</subfield>
    <subfield code="s">2026-03-10</subfield>
    <subfield code="t">Vol. 1, Ej. 1</subfield>
    <subfield code="w">2025-02-11</subfield>
    <subfield code="y">BK-RES</subfield>
  </datafield>
  <datafield tag="952" ind1=" " ind2=" ">
    <subfield code="0">0</subfield>
    <subfield code="1">0</subfield>
    <subfield code="2">ddc</subfield>
    <subfield code="7">0</subfield>
    <subfield code="8">GEN-RD</subfield>
    <subfield code="a">Principal</subfield>
    <subfield code="b">Principal</subfield>
    <subfield code="d">2024-12-01</subfield>
    <subfield code="l">2</subfield>
    <subfield code="m">2</subfield>
    <subfield code="o">RD 342.7293 J82de_2024</subfield>
    <subfield code="p">250081</subfield>
    <subfield code="r">2026-03-24 12:53:25</subfield>
    <subfield code="s">2026-02-10</subfield>
    <subfield code="t">Vol. 1, Ej. 2</subfield>
    <subfield code="w">2025-02-11</subfield>
    <subfield code="y">BK</subfield>
  </datafield>
  <datafield tag="952" ind1=" " ind2=" ">
    <subfield code="0">0</subfield>
    <subfield code="1">0</subfield>
    <subfield code="2">ddc</subfield>
    <subfield code="7">0</subfield>
    <subfield code="8">GEN-RD</subfield>
    <subfield code="a">Principal</subfield>
    <subfield code="b">Principal</subfield>
    <subfield code="d">2024-12-01</subfield>
    <subfield code="l">4</subfield>
    <subfield code="o">RD 342.7293 J82de_2024</subfield>
    <subfield code="p">250082</subfield>
    <subfield code="r">2026-05-18 10:54:39</subfield>
    <subfield code="s">2026-05-11</subfield>
    <subfield code="t">Vol. 1, Ej. 3</subfield>
    <subfield code="w">2025-02-11</subfield>
    <subfield code="y">BK</subfield>
  </datafield>
</record>
